| 000 | 00801nam a2200301 a 4500 | ||
|---|---|---|---|
| 001 | vtls001439337 | ||
| 003 | NLI | ||
| 005 | 20210627122023.0 | ||
| 008 | 121130n ii 000 0 eng | ||
| 020 | _cRs.95.00 | ||
| 039 | 9 |
_y201211301647 _zVLOAD |
|
| 040 |
_aNLI _beng _cDatasoft_GENG _eAACR2 |
||
| 041 | 0 | _aeng | |
| 044 | _aii | ||
| 082 | 0 | 4 | _a658 |
| 100 | 1 |
_aSatyanand, Mohit _91003614 |
|
| 245 | 1 | 0 |
_aBusinness management / _cMohit Satyanand |
| 260 |
_aNew Delhi : _bLotus Books, _c[n.d.] |
||
| 300 |
_a85 p. ; _c20 cm. |
||
| 650 | 0 |
_aBusiness management _9733813 |
|
| 650 | 0 |
_aManagement _9699479 |
|
| 887 | _a | ||
| 901 |
_aDB64180 _b04.10.1993 |
||
| 902 | _aE 658 Sa 84 | ||
| 904 | _l179 | ||
| 949 |
_AVIRTUAITEM _D10000 _X100 _6DBA000064180ENG |
||
| 942 |
_2ddc _cBKS |
||
| 999 |
_aVIRTUA40 _c891784 _d891784 |
||